000 00661cam a2200205 4500
001 D11052
008 090401t1980 xxu||||| |||| 00| 0 eng d
022 _a0305-4713
035 _a(Sirsi) u97255
041 _aeng
100 _aMackay, K.F.
245 _aPoints to note in preparing a licence to authorise hang gliding
260 _c1980
350 _a0
490 _aLand Agency and Agriculture Practice Leaflet
_v11
520 _aIn RICS Land Agency and Agriculture Division. Practice Leaflets no 11 1974/9
710 _aRoyal Institution of Chartered Surveyors. Land Agency and Agriculture Division
_91449
942 _n0
_2ddc
948 _c04/03/1997
999 _c98821
_d98821